000
00253 a2200121 4500
001
151004
040
_c
Escola São Tomás de Aquino
240
1
0
_a
Cinderela
_l
por
245
1
0
_a
Cinderela
300
_a
16
697
_a
*LITERATURA INFANTIL
942
_c
BK
999
_c
151004
_d
151004